000 00717nam a22002297a 4500
999 _c10763
_d10763
003 AR-CdUCM
008 190401b ||||| |||| 00| 0 spa d
040 _aMUNICIPALIDAD PROVINCIAL DEL CUSCO
_cBIBLIOTECA MUNICIPAL DEL CUSCO
082 _a869.813 /
_bP123P
100 _aPadilla, Miguel
_927781
245 _aEn el paraíso y después /
260 _aMontevideo :
_bAlfa,
_c1965.
300 _a49 páginas ;
_b19 cm.
440 _aPoesía, Hoy
_n16
_927782
500 _aDonación de la familia Nieto. Dedicatoria a Luis Nieto.
505 _aContenido: Poesía.
650 _aPoetas Uruguayos
_914135
650 _aLiteratura Uruguaya
_915526
650 _aSiglo XX
_98
942 _2ddc
_cLIBROS
945 _acmm